000 00459cam a22001934a 4500
005 20250605164319.0
008 250528s ||||||||||||||||||||||||d
035 _a22806
020 _a9780273619406
040 _aGR-AtMCL
_bgre
_dGR-AtMCL
_eAACR2
245 1 _aINTRODUCTION TO COMPUTER LAW
250 _a1
300 _a355
700 1 _aBainbridge I. David
_939
942 _cBK
260 _bFinancial Times
999 _c7851
_d7851